Los AAE: ¿Una amenaza para el comercio Sur-sur
Guardado en:
| 格式: | Texto |
|---|---|
| 主題: | |
| 標簽: |
添加標簽
沒有標簽, 成為第一個標記此記錄!
|
MARC
| LEADER | 00000 a a2200000 04500 | ||
|---|---|---|---|
| 001 | 13143 | ||
| 003 | |||
| 040 | |||
| 245 | |a Los AAE: |b ¿Una amenaza para el comercio Sur-sur | ||
| 650 | |a COMERCIO | ||
| 650 | |a ACUERDOS ECONOMICOS | ||
| 650 | |a AMERICA DEL SUR | ||
| 650 | |a <09.01.01><09.05.02> | ||
| 773 | |g volumen 9, número 1; páginas 6 | ||
| 999 | |c 37420 |d 37420 | ||
